Le avventure di Gordon Pym /

में बचाया:
ग्रंथसूची विवरण
मुख्य लेखक: Poe, Edgar Allan (लेखक)
अन्य लेखक: Pisanti, Tommaso, Giachino, Enzo (अनुवादक)
स्वरूप: पुस्तक
भाषा:इतालवी
प्रकाशित: Roma : Tascabili economici Newton, 1993
श्रृंखला:I classici Superten ; 5
टैग: टैग जोड़ें
कोई टैग नहीं, इस रिकॉर्ड को टैग करने वाले पहले व्यक्ति बनें!

MARC

LEADER 00000nam a22000007i 4500
001 IT\ICCU\TO0\0559779
003 ItRI
005 20250314215656.0
008 970415s1993 it |||||| ||||| |||||c
020 |a 8879831526 
040 |b ita  |c ARCIGAY RIMINI 
041 7 |a ita  |2 ISO-639-2 
082 |a 813.3  |2 21 
100 1 |a Poe, Edgar Allan  |0 IT\ICCU\CFIV\000198  |4 aut 
240 1 4 |a The narrative of Arthur Gordon Pym of Nantucket  |9 Poe, Edgar Allan 
245 1 3 |a Le avventure di Gordon Pym /  |c Edgar Allan Poe ; introduzione di Tommaso Pisanti. 
260 |a Roma :  |b Tascabili economici Newton,  |c 1993 
300 |a 258 p. ;  |c 21 cm 
500 |a Trad. di Enzo Giachino. 
700 1 |a Pisanti, Tommaso  |0 IT\ICCU\CFIV\017448 
700 1 |a Giachino, Enzo  |0 IT\ICCU\CFIV\032619  |4 trl 
830 2 |a I classici Superten ;  |v 5  |0 IT\ICCU\RAV\0225044 
942 |2 ddc  |c BK 
952 |0 0  |1 0  |2 ddc  |4 0  |6 813_300000000000000_POE_AVV  |7 1  |9 3673  |a RN  |b RN  |d 2025-03-14  |l 0  |o 813.3 POE AVV  |p 10932  |r 2025-03-14 21:57:51  |w 2025-03-14  |x DONAZIONE DI MARINA MAGGIOLI  |y BK  |z DONAZIONE DI MARINA MAGGIOLI 
981 1 |6 z01  |a i   |b xxxe  
982 1 |6 z01  |a n 
999 |c 2862  |d 2862